[Event "Superbet Classic 2021"]
[Site "Bucharest ROU"]
[Date "2021.06.05"]
[Round "1.5"]
[White "Deac,Bogdan-Daniel"]
[Black "Giri,A"]
[Result "1/2-1/2"]
[WhiteElo "2627"]
[BlackElo "2780"]

1.d4 d5 2.c4 c6 3.Nc3 Nf6 4.Nf3 e6 5.Bg5 h6 6.Bh4 dxc4 7.e4 g5 8.Bg3 b5 9.Be2 Bb7
10.Qc2 Nh5 11.Rd1 Nxg3 12.hxg3 Na6 13.a3 Bg7 14.e5 Qe7 15.Ne4 O-O-O 16.Nd6+ Rxd6
17.exd6 Qxd6 18.O-O g4 19.Ne5 Bxe5 20.dxe5 Qxe5 21.Bxg4 h5 22.Rfe1 Qf6 23.Bf3 h4
24.b3 cxb3 25.Qxb3 hxg3 26.fxg3 Qg7 27.Qd3 Nc7 28.Qd6 c5 29.Qd7+ Kb8 30.Bxb7 Kxb7
31.Rxe6 Qxg3 32.Qc6+ Kb8 33.Qd6 Qxd6 34.Rexd6 Kb7 35.Rf6 Rh7 36.Rd7 b4 37.axb4 cxb4
38.Kf2 a5 39.Ke2 Rg7 40.Rfxf7 Rxg2+ 41.Kd1 Rg1+ 42.Kc2 Rg2+ 43.Kb1 Rg1+ 44.Kb2 Rg2+
45.Kb1 Rg1+ 46.Kb2 Rg2+ 47.Kb1 Rg1+  1/2-1/2

[Event "Superbet Classic 2021"]
[Site "Bucharest ROU"]
[Date "2021.06.05"]
[Round "1.4"]
[White "Lupulescu,C"]
[Black "Aronian,L"]
[Result "1/2-1/2"]
[WhiteElo "2656"]
[BlackElo "2781"]

1.d4 Nf6 2.c4 e6 3.Nc3 Bb4 4.Qc2 c5 5.dxc5 O-O 6.Nf3 Na6 7.g3 Nxc5 8.Bg2 Nce4
9.O-O Nxc3 10.bxc3 Be7 11.e4 d6 12.e5 dxe5 13.Nxe5 Qc7 14.Qe2 Nd7 15.Bf4 Nxe5
16.Bxe5 Bd6 17.Bxd6 Qxd6 18.Qe3 Qc7 19.Rfb1 Qxc4 20.Bxb7 Bxb7 21.Rxb7 h6
22.Rxa7 Rxa7 23.Qxa7 Qxc3 24.Rb1 Qc2 25.Rb8 Qd1+ 26.Kg2 Qd5+ 27.Kg1 Qd1+
28.Kg2 Qd5+ 29.Kg1 Qd1+  1/2-1/2

[Event "Superbet Classic 2021"]
[Site "Bucharest ROU"]
[Date "2021.06.05"]
[Round "1.3"]
[White "Grischuk,A"]
[Black "Vachier Lagrave,M"]
[Result "1/2-1/2"]
[WhiteElo "2776"]
[BlackElo "2760"]

1.d4 Nf6 2.c4 g6 3.Nc3 d5 4.cxd5 Nxd5 5.e4 Nxc3 6.bxc3 Bg7 7.Nf3 c5 8.Rb1 O-O
9.Be2 cxd4 10.cxd4 Qa5+ 11.Bd2 Qxa2 12.O-O Bg4 13.Rxb7 Bxf3 14.Bxf3 Bxd4
15.e5 Na6 16.Rxe7 Rad8 17.e6 fxe6 18.Qe1 Bf6 19.Rxa7 Rxd2 20.Rxa6 Qxa6 21.Qxd2 Qb6
22.g3 Bd4 23.Qe2 Rf6 24.Kg2 Qb2 25.Qxb2 Bxb2 26.Rd1 Kg7 27.Rd8 Rf8 28.Rd6 Kf6
29.h4 Re8 30.Be2 Be5 31.Rc6 Rd8 32.f4 Bd6 33.Bg4 e5 34.fxe5+ Kxe5 35.Rc8 Rxc8
36.Bxc8 Kf6 37.g4 g5 38.hxg5+ Kxg5 39.Kf3 h5 40.gxh5 Kxh5 41.Ke4 Bf4 42.Bd7 Kh4
43.Bh3 Kxh3 44.Kxf4  1/2-1/2

[Event "Superbet Classic 2021"]
[Site "Bucharest ROU"]
[Date "2021.06.05"]
[Round "1.2"]
[White "Mamedyarov,S"]
[Black "So,W"]
[Result "1/2-1/2"]
[WhiteElo "2770"]
[BlackElo "2770"]

1.d4 d5 2.Nf3 Nf6 3.c4 dxc4 4.e3 e6 5.Bxc4 a6 6.O-O c5 7.dxc5 Bxc5 8.Qxd8+ Kxd8
9.Be2 Ke7 10.Rd1 Nbd7 11.Nd4 Ne5 12.b3 Bd7 13.Bb2 Nc6 14.Nxc6+ Bxc6 15.Rc1 Bb4
16.Na3 Nd7 17.Nc4 Bd5 18.a3 Bc5 19.b4 Ba7 20.Na5 Rhc8 21.Bd3 f5 22.Bc4 Bxc4
23.Nxc4 b5 24.Na5 g6 25.Kf1 Bb6 26.Nb3 e5 27.Ke2 Rxc1 28.Rxc1 Ra7 29.e4 Rc7
30.Rxc7 Bxc7 31.f3 Ke6 32.Bc1 f4 33.g3 g5 34.g4 Bb6 35.h3 Kd6 36.Kd3 Bf2
37.Ke2 Bb6 38.Kd3 Bg1 39.Bb2 Nb6 40.Na5 Na4 41.Ba1 Bb6 42.Nb3 Be3 43.Bc3 Bb6
44.Ba1 Be3 45.Bc3 Bb6 46.Ba1 Be3  1/2-1/2

[Event "Superbet Classic 2021"]
[Site "Bucharest ROU"]
[Date "2021.06.06"]
[Round "2.2"]
[White "So,W"]
[Black "Aronian,L"]
[Result "1/2-1/2"]
[WhiteElo "2770"]
[BlackElo "2781"]

1.d4 Nf6 2.c4 e6 3.Nf3 d5 4.Nc3 Bb4 5.Qa4+ Nc6 6.e3 O-O 7.Bd2 dxc4 8.Bxc4 Bd6
9.Qc2 e5 10.dxe5 Nxe5 11.Nxe5 Bxe5 12.O-O-O Qe7 13.Kb1 Be6 14.Bxe6 Qxe6 15.f3 Rad8
16.e4 Rd7 17.Bc1 Rfd8 18.Rxd7 Qxd7 19.Ne2 c6 20.Be3 Bc7 21.Rc1 Bb6 22.Bg5 Qe6
23.Qb3 h6 24.Qxe6 fxe6 25.Bf4 Nh5 26.Be5 Rd2 27.Rc2 Rd1+ 28.Rc1 Rd2 29.Rc2 Rd1+
30.Rc1 Rd2  1/2-1/2

[Event "Superbet Classic 2021"]
[Site "Bucharest ROU"]
[Date "2021.06.06"]
[Round "2.4"]
[White "Mamedyarov,S"]
[Black "Grischuk,A"]
[Result "1/2-1/2"]
[WhiteElo "2770"]
[BlackElo "2776"]

1.c4 c5 2.Nf3 Nf6 3.Nc3 Nc6 4.d4 cxd4 5.Nxd4 e6 6.e4 Bb4 7.Nxc6 bxc6 8.Bd3 e5
9.O-O O-O 10.Be3 Bxc3 11.bxc3 d6 12.c5 d5 13.exd5 Nxd5 14.Re1 Nxe3 15.Rxe3 Qd5
16.Bc2 Qxc5 17.Qh5 g6 18.Qxe5 Qxe5 19.Rxe5 a5 20.Rc5 Be6 21.a4 Rfc8 22.Be4 Bd5
23.Bxd5 cxd5 24.Rxd5 Rxc3 25.g3 Rc4 26.Kg2 Kg7 27.Kg1 Kg8 28.Kg2 Kg7 29.Kg1 Kg8
30.Kg2 Kg7 31.Kg1  1/2-1/2

[Event "Superbet Classic 2021"]
[Site "Bucharest ROU"]
[Date "2021.06.06"]
[Round "2.5"]
[White "Vachier Lagrave,M"]
[Black "Deac,Bogdan-Daniel"]
[Result "0-1"]
[WhiteElo "2760"]
[BlackElo "2627"]

1.e4 e5 2.Nf3 Nc6 3.Bb5 a6 4.Ba4 Nf6 5.O-O Nxe4 6.d4 b5 7.Bb3 d5 8.dxe5 Be6
9.Nbd2 Be7 10.c3 O-O 11.Bc2 f5 12.exf6 Nxf6 13.a4 b4 14.Re1 Bg4 15.Nf1 Bc5
16.Be3 d4 17.cxd4 Nxd4 18.Bxd4 Bxf3 19.Qxf3 Qxd4 20.Rad1 Qxb2 21.Re2 Qc3
22.Rd3 Qa1 23.Rd1 Qc3 24.Rd3 Qa1 25.g4 b3 26.Bxb3+ Kh8 27.g5 Ng8 28.Qd5 Bd6
29.Rh3 g6 30.Qd3 Rf5 31.Qc3+ Qxc3 32.Rxc3 Rxg5+ 33.Ng3 Nf6 34.Kf1 Rb8 35.h3 Re5
36.Bc4 Rc5 37.Rcc2 Ra5 38.Ne4 Nxe4 39.Rxe4 Rxa4 40.h4 Kg7 41.h5 gxh5 42.Re1 Rbb4
43.Be2 Rh4 44.Bf3 a5  0-1

[Event "Superbet Classic 2021"]
[Site "Bucharest ROU"]
[Date "2021.06.06"]
[Round "2.1"]
[White "Caruana,F"]
[Black "Lupulescu,C"]
[Result "1-0"]
[WhiteElo "2820"]
[BlackElo "2656"]

1.e4 e6 2.d4 d5 3.Nc3 Nf6 4.Bg5 dxe4 5.Nxe4 Nbd7 6.Nf3 h6 7.Bxf6 Nxf6 8.Bd3 Nxe4
9.Bxe4 c5 10.Qe2 Qa5+ 11.c3 cxd4 12.Nxd4 Be7 13.O-O-O O-O 14.Kb1 Rd8 15.Bc2 Bd7
16.Qe4 g6 17.h4 Ba4 18.Bxa4 Qxa4 19.h5 g5 20.Qxb7 Bc5 21.Qc6 Qxc6 22.Nxc6 Rxd1+
23.Rxd1 Bxf2 24.Rd7 f6 25.Nd8 Bb6 26.Nf7 Rf8 27.Nxh6+ Kh8 28.Kc2  1-0

[Event "Superbet Classic 2021"]
[Site "Bucharest ROU"]
[Date "2021.06.06"]
[Round "2.3"]
[White "Giri,A"]
[Black "Radjabov,T"]
[Result "1/2-1/2"]
[WhiteElo "2780"]
[BlackElo "2765"]

1.d4 Nf6 2.c4 e6 3.Nf3 d5 4.g3 Be7 5.Bg2 O-O 6.O-O dxc4 7.Qc2 a6 8.a4 Bd7
9.Qxc4 Bc6 10.Bf4 Bd6 11.Nc3 Nbd7 12.Rfd1 Bxf4 13.gxf4 Nb6 14.Qd3 a5 15.Ne5 Bxg2
16.Kxg2 Nbd5 17.Qf3 c6 18.e3 Qe7 19.h3 Nd7 20.Nxd7 Qxd7 21.Ne4 Qe7 22.Kh2 b6
23.Rac1 Rac8 24.Rc4 Rc7 25.Rdc1 Rfc8 26.b3 Qa3 27.Qd1 Qe7 28.Qf3 Qa3 29.Qd1 Qe7
30.Qf3  1/2-1/2

[Event "Superbet Classic 2021"]
[Site "Bucharest ROU"]
[Date "2021.06.07"]
[Round "3.1"]
[White "Aronian,L"]
[Black "Caruana,F"]
[Result "1/2-1/2"]
[WhiteElo "2781"]
[BlackElo "2820"]

1.d4 d5 2.c4 dxc4 3.e3 Nf6 4.Bxc4 e6 5.Nf3 c5 6.O-O Nc6 7.Nc3 a6 8.Ne5 Qc7
9.Nxc6 Qxc6 10.d5 exd5 11.Nxd5 b5 12.Nxf6+ Qxf6 13.Bd5 Rb8 14.e4 Be7 15.a4 O-O
16.axb5 Rxb5 17.Ra3 Rb6 18.Rf3 Qe5 19.Bd2 Rg6 20.Bc3 Qc7 21.Rg3 Bb7 22.Rxg6 hxg6
23.Bxb7 Qxb7 24.Qg4 c4 25.e5 Bb4 26.Bxb4 Qxb4 27.e6 Qxb2 28.Qxc4 Qf6 29.Qxa6 Qxe6
30.Qxe6 fxe6 31.Kh1 Kh8 32.Kg1 Kg8 33.Kh1 Kh8 34.Kg1 Kg8  1/2-1/2

[Event "Superbet Classic 2021"]
[Site "Bucharest ROU"]
[Date "2021.06.07"]
[Round "3.2"]
[White "Deac,Bogdan-Daniel"]
[Black "Mamedyarov,S"]
[Result "1/2-1/2"]
[WhiteElo "2627"]
[BlackElo "2770"]

1.d4 Nf6 2.c4 e6 3.Nf3 d5 4.g3 dxc4 5.Bg2 Nc6 6.Qa4 Bb4+ 7.Bd2 Nd5 8.Bxb4 Nxb4
9.O-O Rb8 10.Na3 O-O 11.Qb5 b6 12.Qxc4 Ba6 13.Nb5 Qe8 14.Rfc1 Nd5 15.e4 Na5
16.Nxc7 Nxc4 17.Nxe8 Rfxe8 18.exd5 exd5 19.b3 Nd6 20.Ne5 Bb7 21.Nc6 Bxc6
22.Rxc6 Nb5 23.Bxd5 Re7 24.Bc4 Nxd4 25.Rd6 Nf3+ 26.Kg2 Ne1+ 27.Kf1 Nf3 28.h3 g5
29.Rad1 Ne5 30.R6d5 h6 31.Ba6 Kg7 32.Kg2 Rbe8 33.a4 Rc7 34.a5 Re6 35.Re1 Kf6
36.axb6 axb6 37.Re4 Rc3 38.Rb5 Nd7 39.Rxe6+ Kxe6 40.Rb4 Kd6 41.Bc4 f6 42.Rb5 Ke7
43.f4 Rc2+ 44.Kf3 Rc3+ 45.Kg2 Rc2+ 46.Kf3 Rc3+ 47.Kg2 Rc2+ 48.Kf3 Rc3+  1/2-1/2

[Event "Superbet Classic 2021"]
[Site "Bucharest ROU"]
[Date "2021.06.07"]
[Round "3.3"]
[White "Grischuk,A"]
[Black "So,W"]
[Result "1/2-1/2"]
[WhiteElo "2776"]
[BlackElo "2770"]

1.e4 e5 2.Nf3 Nc6 3.Bb5 Nf6 4.O-O Nxe4 5.d4 Nd6 6.Bxc6 dxc6 7.dxe5 Nf5 8.Qxd8+ Kxd8
9.h3 Be7 10.Rd1+ Ke8 11.g4 Nh4 12.Nxh4 Bxh4 13.Nc3 h5 14.g5 f6 15.exf6 gxf6
16.Ne4 fxg5 17.Bxg5 Bxg5 18.Nxg5 Ke7 19.Re1+ Kf6 20.Ne4+ Kf7 21.Ng5+ Kf6
22.Ne4+ Kf7 23.Ng5+ Kf6  1/2-1/2

[Event "Superbet Classic 2021"]
[Site "Bucharest ROU"]
[Date "2021.06.07"]
[Round "3.5"]
[White "Lupulescu,C"]
[Black "Giri,A"]
[Result "1-0"]
[WhiteElo "2656"]
[BlackElo "2780"]

1.c4 e5 2.Nc3 Nf6 3.Nf3 Nc6 4.e3 Bb4 5.Qc2 Bxc3 6.Qxc3 Qe7 7.d4 Ne4 8.Qd3 exd4
9.Nxd4 Nc5 10.Qd1 Nxd4 11.Qxd4 O-O 12.Be2 b6 13.O-O Bb7 14.f3 a5 15.Bd2 f5
16.Rad1 d6 17.b3 Rae8 18.Rf2 Rf6 19.Bd3 Qf7 20.Re2 Qh5 21.Be1 Be4 22.Bb1 Rg6
23.Bg3 Bxb1 24.Rxb1 Ne4 25.Rbe1 Nxg3 26.Qd5+ Kh8 27.hxg3 Rxg3 28.e4 Qxf3
29.Qf7 Rg8 30.exf5 Qc6 31.Rf2 Qc5 32.Re7 Qd4 33.Re8 Rxg2+ 34.Kxg2 Qg4+ 35.Kh2 Qh4+
36.Kg2 Qg4+ 37.Kf1 Qh3+ 38.Ke1 Qc3+ 39.Rd2  1-0

[Event "Superbet Classic 2021"]
[Site "Bucharest ROU"]
[Date "2021.06.08"]
[Round "4.5"]
[White "Vachier Lagrave,M"]
[Black "Lupulescu,C"]
[Result "1/2-1/2"]
[WhiteElo "2760"]
[BlackElo "2656"]

1.e4 e6 2.d4 d5 3.Nc3 Nf6 4.e5 Nfd7 5.f4 c5 6.Nf3 Nc6 7.Be3 cxd4 8.Nxd4 Qb6
9.Qd2 Qxb2 10.Rb1 Qa3 11.Bb5 Nxd4 12.Bxd4 a6 13.Bxd7+ Bxd7 14.Rxb7 Bb4 15.O-O Bc8
16.Rb6 O-O 17.Rb1 Bc5 18.R6b3 Qa5 19.Bxc5 Qxc5+ 20.Qf2 Qxf2+ 21.Kxf2 Bd7
22.Ne2 Ba4 23.Rc3 Rfc8 24.Rxc8+ Rxc8 25.Nd4 g6 26.Ke3 Rc4 27.a3 Bxc2 28.Rc1 Bd3
29.Rxc4 Bxc4 30.g4 Kf8 31.Nc2 Bb3 32.Nb4 Bc4 33.g5 Kg7 34.Kd4 h5 35.Nc6 Bb5
36.Na5 Kf8 37.Kc5 Ke7 38.Nb3 Bc4 39.Nd4 Bd3 40.a4 Bf1 41.a5 Bd3 42.Kc6 Bc4
43.Kc5 Bd3 44.Kc6 Bc4 45.Kc5 Bd3  1/2-1/2

[Event "Superbet Classic 2021"]
[Site "Bucharest ROU"]
[Date "2021.06.08"]
[Round "4.3"]
[White "Giri,A"]
[Black "Aronian,L"]
[Result "1/2-1/2"]
[WhiteElo "2780"]
[BlackElo "2781"]

1.d4 Nf6 2.c4 e6 3.Nf3 d5 4.g3 dxc4 5.Bg2 c5 6.O-O Nc6 7.dxc5 Qxd1 8.Rxd1 Bxc5
9.Nbd2 c3 10.bxc3 O-O 11.Nb3 Be7 12.c4 Bd7 13.a4 Rad8 14.Bb2 Bc8 15.Nfd4 Nxd4
16.Bxd4 b6 17.a5 Nd7 18.axb6 axb6 19.Bc6 Bf6 20.Bb5 g5 21.f4 gxf4 22.gxf4 Bxd4+
23.Rxd4 Nf6 24.Ra7 e5 25.fxe5 Ng4 26.Ra8 Rxd4 27.Nxd4 Nxe5 28.Rb8 Be6 29.Rxb6 Bxc4
30.Bxc4 Nxc4 31.Rc6 Ne5 32.Rb6 Nc4 33.Rc6 Ne5 34.Rb6 Nc4  1/2-1/2

[Event "Superbet Classic 2021"]
[Site "Bucharest ROU"]
[Date "2021.06.08"]
[Round "4.2"]
[White "Grischuk,A"]
[Black "Deac,Bogdan-Daniel"]
[Result "1-0"]
[WhiteElo "2776"]
[BlackElo "2627"]

1.Nf3 d5 2.d4 Nf6 3.c4 e6 4.Nc3 c5 5.cxd5 cxd4 6.Qxd4 exd5 7.Bg5 Be7 8.e3 O-O
9.Be2 Nc6 10.Qd3 h6 11.Bh4 Be6 12.O-O Qb6 13.a3 Rfd8 14.Rfd1 Ne4 15.Bxe7 Nxe7
16.Nd4 Nxc3 17.Qxc3 Rac8 18.Qd2 Nf5 19.Bf3 Rc4 20.Nxf5 Bxf5 21.Bxd5 Be6 22.e4 Bxd5
23.exd5 Qb5 24.h3 Rd6 25.b4 Rc7 26.Qf4 Rcd7 27.Rac1 Rxd5 28.Rxd5 Qxd5 29.Qb8+ Kh7
30.Qxa7 Qd2 31.Qc5 g6 32.Qc3 Qf4 33.Re1 Rd2 34.Qe3 Qd6 35.Qf3 Qc7 36.Qf6 Rd6
37.Qe7 Rd7 38.Qe5 Qd8 39.g3 b6 40.a4 Rd4 41.Re4 Rd1+ 42.Kh2 Qa8 43.b5 Rf1
44.Qd4 Qb7 45.Qe3 Ra1 46.Qd4 Rf1 47.Qe3 Ra1 48.g4 Rd1 49.Qf3 Rd4 50.Re3 Qc7+
51.Qg3 Qd7 52.Qb8 Rxa4 53.Qxb6 Rf4 54.Kg3 g5 55.Rf3 Rb4 56.Qc6 Qe6 57.Kg2 Kg8
58.Qa8+ Kh7 59.Qf8 Rf4 60.Rxf4 gxf4 61.Qa8 h5 62.Qc6  1-0

[Event "Superbet Classic 2021"]
[Site "Bucharest ROU"]
[Date "2021.06.08"]
[Round "4.4"]
[White "Mamedyarov,S"]
[Black "Radjabov,T"]
[Result "1/2-1/2"]
[WhiteElo "2770"]
[BlackElo "2765"]

1.d4 Nf6 2.c4 g6 3.Nf3 Bg7 4.g3 c5 5.Bg2 cxd4 6.Nxd4 O-O 7.Nc3 Qc7 8.Nd5 Nxd5
9.cxd5 d6 10.O-O Qb6 11.Nb3 Qa6 12.Re1 Nd7 13.e4 Ne5 14.Bg5 Bg4 15.f3 Bd7
16.Bf1 Qb6+ 17.Be3 Qb4 18.Bd2 Qb6+ 19.Be3 Qb4 20.Bd2 Qb6+ 21.Be3  1/2-1/2

[Event "Superbet Classic 2021"]
[Site "Bucharest ROU"]
[Date "2021.06.08"]
[Round "4.1"]
[White "So,W"]
[Black "Caruana,F"]
[Result "1-0"]
[WhiteElo "2770"]
[BlackElo "2820"]

1.c4 e5 2.g3 Nf6 3.Bg2 Bc5 4.d3 c6 5.Nf3 d6 6.O-O O-O 7.Nc3 a5 8.d4 exd4
9.Nxd4 a4 10.Rb1 Re8 11.e3 Qa5 12.Bd2 Bg4 13.f3 Bh5 14.Ne4 Qd8 15.Nxc5 dxc5
16.Ne2 Qd3 17.Nf4 Qxc4 18.b3 axb3 19.axb3 Qb5 20.e4 Bg6 21.Bc3 Na6 22.h4 h5
23.Qc1 Kh7 24.Rd1 Rad8 25.Qb2 c4 26.Bxf6 gxf6 27.Qxf6 Rxd1+ 28.Rxd1 Qc5+
29.Kh2 Qe7 30.Qxe7 Rxe7 31.bxc4 Kg7 32.Bh3 Nc5 33.Rd6 f6 34.Ne6+ Nxe6 35.Bxe6 Be8
36.c5 Bf7 37.Bc8 Re5 38.Bxb7 Rxc5 39.Rxc6 Rb5 40.Ba6 Rb2+ 41.Kg1 Be8 42.Rc5 Kh6
43.Kf1 Bd7 44.Be2 Be8 45.Kf2 Rb3 46.Rd5 Ra3 47.Bd3 Kg7 48.Ke3 Rb3 49.Kf4 Rb4
50.Rc5 Bf7 51.Rc7 Kg6 52.g4  1-0

[Event "Superbet Classic 2021"]
[Site "Bucharest ROU"]
[Date "2021.06.09"]
[Round "5.2"]
[White "Radjabov,T"]
[Black "Grischuk,A"]
[Result "1/2-1/2"]
[WhiteElo "2765"]
[BlackElo "2776"]

1.d4 Nf6 2.c4 e6 3.Nf3 d5 4.Nc3 Be7 5.Bf4 O-O 6.e3 Nbd7 7.c5 Nh5 8.Bd3 Nxf4
9.exf4 b6 10.b4 a5 11.a3 c6 12.O-O Ba6 13.Bxa6 Rxa6 14.Qe2 Qa8 15.b5 cxb5
16.Qxb5 Ra7 17.Ne5 Nxe5 18.cxb6 Nc4 19.bxa7 Qxa7 20.f5 Qxd4 21.Qd7 Nd2 22.Qxe7 Nxf1
23.fxe6 fxe6 24.Qxe6+ Kh8 25.Rxf1 Qxc3 26.Qxd5 Qxa3 27.g3 Qb4 28.Ra1 a4 29.Qc6 Qb2
30.Qxa4 Qxf2+ 31.Kh1 Qf3+ 32.Kg1 Qf2+ 33.Kh1 Qf3+ 34.Kg1 Qe3+ 35.Kh1 Qf3+  1/2-1/2

[Event "Superbet Classic 2021"]
[Site "Bucharest ROU"]
[Date "2021.06.09"]
[Round "5.1"]
[White "Deac,Bogdan-Daniel"]
[Black "So,W"]
[Result "1/2-1/2"]
[WhiteElo "2627"]
[BlackElo "2770"]

1.d4 Nf6 2.c4 e6 3.Nf3 d5 4.Nc3 dxc4 5.e4 Bb4 6.Bxc4 Nxe4 7.O-O Nxc3 8.bxc3 Be7
9.Ne5 O-O 10.Qg4 Nc6 11.Re1 f5 12.Qf3 Nxe5 13.Rxe5 Kh8 14.Bf4 Bd6 15.Re2 Bxf4
16.Qxf4 Qd6 17.Qxd6 cxd6 18.Bxe6 Re8 19.Rae1 Bxe6 20.Rxe6 Rxe6 21.Rxe6 Rc8
22.Rxd6 Kg8 23.h4 Rxc3 24.Rd8+ Kf7 25.Rd7+ Kf6 26.Rxb7 Ra3 27.d5 Rxa2 28.d6 Rd2
29.Rxa7 Rxd6 30.g3 h5 31.Kg2 Re6 32.Ra8 Rd6 33.Rf8+ Kg6 34.Re8 Kf6 35.Rf8+ Kg6
36.Re8 Kf6 37.Rf8+  1/2-1/2

[Event "Superbet Classic 2021"]
[Site "Bucharest ROU"]
[Date "2021.06.09"]
[Round "5.3"]
[White "Lupulescu,C"]
[Black "Mamedyarov,S"]
[Result "0-1"]
[WhiteElo "2656"]
[BlackElo "2770"]

1.Nf3 d5 2.e3 e6 3.c4 Be7 4.b3 Bf6 5.Nc3 Ne7 6.Bb2 c5 7.Qc2 Nbc6 8.Na4 b6
9.Bxf6 gxf6 10.cxd5 Qxd5 11.Nc3 Qh5 12.Ne4 Qg6 13.Nh4 Qh6 14.Nd6+ Kf8 15.Nxc8 Rxc8
16.g3 Rd8 17.Be2 Kg7 18.a3 Rd6 19.f4 Rhd8 20.Rd1 f5 21.Nf3 Nd5 22.O-O Kg8
23.Rb1 a5 24.Bb5 Nce7 25.Rfd1 Nf6 26.Bf1 Ng4 27.h3 Nf6 28.d3 Nc6 29.Re1 Qg7
30.Qf2 Kh8 31.Kh2 Rg8 32.Be2 Nd5 33.Bf1 e5 34.fxe5 Rg6 35.Nh4 Rxg3 36.d4 Qg5
37.Ng2 cxd4 38.exd4 Nxd4  0-1

[Event "Superbet Classic 2021"]
[Site "Bucharest ROU"]
[Date "2021.06.09"]
[Round "5.5"]
[White "Aronian,L"]
[Black "Vachier Lagrave,M"]
[Result "1/2-1/2"]
[WhiteElo "2781"]
[BlackElo "2760"]

1.Nf3 Nf6 2.c4 c5 3.Nc3 d5 4.cxd5 Nxd5 5.e3 e6 6.Bc4 Be7 7.O-O O-O 8.Qe2 Nc6
9.d4 cxd4 10.exd4 Nb6 11.Bd3 Nxd4 12.Nxd4 Qxd4 13.Rd1 Qh4 14.g3 Qh3 15.Be4 e5
16.Bg2 Qg4 17.Qxe5 Bf6 18.Qe1 Bf5 19.h3 Qb4 20.Ne4 Qxe1+ 21.Rxe1 Bd4 22.Nd6 Be6
23.Nb5 Bc5 24.Be3 Bxe3 25.Rxe3 Rad8 26.b3 Nd5 27.Re5 Nb4 28.Re2 Nc6 29.Bxc6 bxc6
30.Nxa7 Ra8 31.Nxc6 Bxb3 32.Rb2 Be6 33.a4 Ra6 34.Ne7+ Kh8 35.a5 g6 36.Rb6 Rfa8
37.Rxa6 Rxa6 38.g4 Kg7 39.f4 f5 40.Rb1 Rxa5 41.Nc6 Ra4 42.Rb7+ Kf8 43.Rb8+ Kg7
44.Rb7+ Kf8 45.Rb8+ Kg7 46.Rb7+  1/2-1/2

[Event "Superbet Classic 2021"]
[Site "Bucharest ROU"]
[Date "2021.06.11"]
[Round "6.3"]
[White "Grischuk,A"]
[Black "Lupulescu,C"]
[Result "1-0"]
[WhiteElo "2776"]
[BlackElo "2656"]

1.e4 c5 2.Nf3 d6 3.d4 cxd4 4.Nxd4 Nf6 5.Nc3 Nc6 6.Bg5 Bd7 7.Qd2 a6 8.O-O-O e6
9.f4 b5 10.Bxf6 gxf6 11.Kb1 Qb6 12.Nxc6 Bxc6 13.f5 b4 14.Ne2 e5 15.Ng3 Qc5
16.b3 h5 17.h4 Bb5 18.Qe1 Rc8 19.Bxb5+ axb5 20.Qe2 Ra8 21.Rd5 Qa7 22.Qxb5+ Kd8
23.a4 bxa3 24.Rhd1 Be7 25.Qe2 Rc8 26.c4 Rg8 27.Nxh5 a2+ 28.Ka1 Rb8 29.R5d3 Qa3
30.Qc2 Rg4 31.c5 Rc8 32.Rc3 d5 33.Rxd5+ Ke8 34.g3 Qb4 35.Rc4 Qe1+ 36.Rd1 Qe3
37.Qd3  1-0

[Event "Superbet Classic 2021"]
[Site "Bucharest ROU"]
[Date "2021.06.11"]
[Round "6.4"]
[White "Vachier Lagrave,M"]
[Black "Caruana,F"]
[Result "1/2-1/2"]
[WhiteElo "2760"]
[BlackElo "2820"]

1.e4 e5 2.Nf3 Nc6 3.Bb5 a6 4.Ba4 Nf6 5.O-O Bc5 6.c3 b5 7.Bc2 d5 8.a4 dxe4
9.axb5 Bg4 10.bxc6 exf3 11.gxf3 Bh3 12.Re1 O-O 13.Ra5 Qd6 14.b4 Bxf2+ 15.Kxf2 e4
16.Kg1 Rae8 17.Re3 Nh5 18.f4 Nxf4 19.Rg5 f5 20.d4 Bg4 21.Rxg4 fxg4 22.Qxg4 Nd3
23.Bxd3 exd3 24.Rxe8 Rxe8 25.Bf4 Qxc6 26.Be5 Qh6 27.Bf4 Qc6 28.Be5 Qh6 29.Bf4 Qc6  1/2-1/2

[Event "Superbet Classic 2021"]
[Site "Bucharest ROU"]
[Date "2021.06.11"]
[Round "6.2"]
[White "So,W"]
[Black "Giri,A"]
[Result "1/2-1/2"]
[WhiteElo "2770"]
[BlackElo "2780"]

1.d4 Nf6 2.c4 e6 3.Nc3 Bb4 4.e3 O-O 5.Bd3 d5 6.a3 Bxc3+ 7.bxc3 dxc4 8.Bxc4 c5
9.Nf3 Qc7 10.Be2 b6 11.Bb2 cxd4 12.cxd4 Ba6 13.O-O Bxe2 14.Qxe2 Nbd7 15.e4 Rac8
16.Rfc1 Qb7 17.Re1 h6 18.Rab1 Rc7 19.Nd2 Rfc8 20.Nf1 Qc6 21.f3 Qc2 22.Qb5 Qc6
23.Qe2 Qc2 24.Ne3 Qxe2 25.Rxe2 Ne8 26.d5 Nc5 27.dxe6 Nxe6 28.Rd2 b5 29.Kf2 Rb7
30.h4 h5 31.Nd5 f6 32.Rbd1 a5 33.Bc3 Ra8 34.Rb2 Kf7 35.Be1 Ra6 36.Ne3 Nd6
37.Bxa5 Rxa5 38.Rxd6 Rxa3 39.Rd5 Nf4 40.Rdxb5 Rxb5 41.Rxb5 g6 42.Rb7+ Ke6
43.Rb6+ Kf7 44.Rb7+ Ke8 45.Rb8+ Kf7 46.Rc8 Ra2+ 47.Rc2 Rxc2+ 48.Nxc2 g5 49.hxg5 fxg5
50.Nd4 h4 51.g3 hxg3+ 52.Kxg3 Nd3 53.Nc6 Kg6 54.Ne7+ Kf6 55.Nd5+ Kg6 56.Ne3 Kf6
57.Ng4+ Ke6 58.Kg2 Nf4+ 59.Kf2 Nd3+ 60.Ke3 Nf4 61.Nh2 Ng2+ 62.Kf2 Nf4 63.Nf1 Nd3+
64.Ke3 Nf4 65.Nd2 Ng2+ 66.Kd4 Nh4 67.Ke3 Ng2+ 68.Kf2 Nf4 69.Nc4 Nd3+ 70.Ke3 Nf4
71.Nb2 Ng2+ 72.Ke2 g4 73.fxg4 Ke5 74.Kf3 Nh4+ 75.Kg3 Ng6 76.Kf3 Nh4+ 77.Kg3 Ng6
78.g5 Kxe4 79.Kg4 Ne5+ 80.Kh5 Kf5 81.Kh6 Nf7+ 82.Kh5 Nxg5 83.Nc4 Ke4 84.Ne3 Kxe3  1/2-1/2

[Event "Superbet Classic 2021"]
[Site "Bucharest ROU"]
[Date "2021.06.11"]
[Round "6.5"]
[White "Deac,Bogdan-Daniel"]
[Black "Radjabov,T"]
[Result "1/2-1/2"]
[WhiteElo "2627"]
[BlackElo "2765"]

1.e4 e5 2.Nf3 Nc6 3.Bb5 Nf6 4.O-O Nxe4 5.Re1 Nd6 6.Nxe5 Be7 7.Bf1 Nxe5 8.Rxe5 O-O
9.d4 Bf6 10.Re1 Re8 11.Bf4 Rxe1 12.Qxe1 Ne8 13.c3 d5 14.Bd3 g6 15.Nd2 Ng7
16.Qe2 c6 17.Re1 Bf5 18.Nf3 Qd7 19.Be5 Re8 20.Qd2 Bxe5 21.Nxe5 Qd8 22.Bxf5 Nxf5
23.g3 f6 24.Nd3 Nd6 25.h4 Rxe1+ 26.Qxe1 Kf7 27.f3 Qe7 28.Kf2 Nf5 29.Qd2 Qd6
30.Qf4 Qxf4 31.Nxf4 g5 32.hxg5 fxg5 33.Nd3 h5 34.g4 hxg4 35.fxg4 Nd6 36.Ke2 Ke7
37.Ne5 Nc4 38.Nxc4 dxc4 39.Ke3 b5 40.Ke4 Ke6 41.a3 a5 42.Kf3 Kd5 43.Ke3 Kd6
44.Ke4 Ke6 45.Kf3 Kd5 46.Ke3 Kd6 47.Ke4 Ke6  1/2-1/2

[Event "Superbet Classic 2021"]
[Site "Bucharest ROU"]
[Date "2021.06.12"]
[Round "7.4"]
[White "Giri,A"]
[Black "Vachier Lagrave,M"]
[Result "1-0"]
[WhiteElo "2780"]
[BlackElo "2760"]

1.Nf3 Nf6 2.c4 c5 3.Nc3 d5 4.cxd5 Nxd5 5.d4 Nxc3 6.bxc3 g6 7.e3 Bg7 8.Bb5+ Bd7
9.Bd3 O-O 10.O-O Qa5 11.Qb3 Qc7 12.Rb1 b6 13.Ba3 Nc6 14.dxc5 Be6 15.cxb6 axb6
16.Qxb6 Qxb6 17.Rxb6 Rxa3 18.Rxc6 Bd5 19.Rc5 Bxf3 20.gxf3 Bxc3 21.Bc4 Bb4
22.Rb5 Bd6 23.Rc1 Rfa8 24.f4 Kg7 25.Bb3 R8a5 26.Rd5 Rxd5 27.Bxd5 h6 28.h3 g5
29.fxg5 hxg5 30.Bb3 Ra5 31.a4 Rc5 32.Rb1 Kf6 33.Kg2 Bc7 34.Bd1 Rd5 35.Rc1 Bd6
36.Be2 Rc5 37.Ra1 Rc3 38.a5 Ra3 39.Rxa3 Bxa3 40.Kf3 e6 41.Bd3 Ke7 42.Kg4 Kf6
43.a6 Bc5 44.Bb5 Ba7 45.Be8 Ke7 46.Bxf7 Kxf7 47.Kxg5 Kg7 48.h4 e5 49.Kf5 Bb8
50.Ke4  1-0

[Event "Superbet Classic 2021"]
[Site "Bucharest ROU"]
[Date "2021.06.12"]
[Round "7.5"]
[White "Lupulescu,C"]
[Black "Deac,Bogdan-Daniel"]
[Result "1/2-1/2"]
[WhiteElo "2656"]
[BlackElo "2627"]

1.c4 Nf6 2.Nc3 e5 3.e3 Nc6 4.a3 g6 5.d4 exd4 6.exd4 d5 7.Bg5 Be7 8.Nf3 O-O
9.Be2 Be6 10.cxd5 Bxd5 11.Nxd5 Nxd5 12.Bh6 Re8 13.O-O Bf6 14.Rc1 a6 15.Bc4 Qd6
16.Ba2 Bg7 17.Bxg7 Kxg7 18.Qb3 Nce7 19.Rfe1 Qb6 20.Qxb6 cxb6 21.Re5 Red8
22.g3 Rd7 23.Re2 f6 24.Bxd5 Nxd5 25.Rec2 g5 26.Kf1 Re8 27.Re2 Red8 28.Ne1 Kf7
29.Nc2 b5 30.Ne3 Ne7 31.Rd2 h5 32.Rcd1 Nc8 33.d5 Nd6 34.Rc2 Kg6 35.Rd4 Re8
36.h4 Ne4 37.Kg2 Nd6 38.Kf1 Rde7 39.Rc1 Ne4 40.Ng2 Nd6 41.Ne3 Rf7 42.Kg2 Re5
43.Kg1 Rd7 44.Kf1 Rde7 45.Kg2 Rd7 46.Kf1 Rde7 47.Kg2 gxh4 48.gxh4 Re4 49.Rcd1 f5
50.Kf3 Kf6 51.Ng2 Ke5 52.Rxe4+ fxe4+ 53.Ke2 Nc4 54.Ne3 Nxb2 55.d6 Rd7 56.Rd5+ Ke6
57.Rxh5 Kxd6 58.Rh8 Nc4 59.h5 Ke5 60.Re8+ Kf4 61.Rf8+ Kg5 62.Rf5+ Kh4 63.Nxc4 bxc4
64.Rc5 b5 65.a4 Rh7 66.axb5 axb5 67.Rxb5 Rxh5 68.Rb8 Rc5 69.Re8 c3 70.Rxe4+ Kh3
71.Kd1 c2+ 72.Kc1 Kg2 73.Re2 Kf3 74.Rxc2 Rxc2+ 75.Kxc2 Kxf2  1/2-1/2

[Event "Superbet Classic 2021"]
[Site "Bucharest ROU"]
[Date "2021.06.12"]
[Round "7.2"]
[White "Aronian,L"]
[Black "Grischuk,A"]
[Result "1-0"]
[WhiteElo "2781"]
[BlackElo "2776"]

1.d4 Nf6 2.c4 e6 3.Nf3 d5 4.Nc3 c5 5.e3 Nc6 6.a3 dxc4 7.Bxc4 a6 8.O-O b5
9.Ba2 Bb7 10.d5 exd5 11.Nxd5 Be7 12.e4 O-O 13.Bf4 c4 14.Re1 Re8 15.Qd2 Bc5
16.Bg5 Be7 17.h4 h6 18.Bf4 Bc5 19.Bc7 Qc8 20.Nxf6+ gxf6 21.Qf4 Nd4 22.Nxd4 Bxd4
23.Rad1 Bc5 24.Bb1 Bf8 25.Re3 Bg7 26.Rg3 Kh8 27.e5 Qe6 28.Bf5 Qe7 29.Rd7  1-0

[Event "Superbet Classic 2021"]
[Site "Bucharest ROU"]
[Date "2021.06.12"]
[Round "7.1"]
[White "Caruana,F"]
[Black "Mamedyarov,S"]
[Result "0-1"]
[WhiteElo "2820"]
[BlackElo "2770"]

1.e4 e5 2.Nf3 Nc6 3.Bb5 Nf6 4.d3 Bc5 5.Nc3 Nd4 6.Ba4 c6 7.O-O d6 8.Nxd4 Bxd4
9.h3 g5 10.Ne2 Bb6 11.c3 Rg8 12.d4 Nxe4 13.Bc2 d5 14.Bxe4 dxe4 15.dxe5 Qxd1
16.Rxd1 g4 17.h4 g3 18.Nd4 Bd8 19.fxg3 Rxg3 20.Re1 Rg4 21.Bg5 Bxg5 22.hxg5 Ke7
23.Rad1 Bd7 24.e6 fxe6 25.g6 hxg6 26.Nb3 e5 27.Na5 Be6 28.Rd2 Rb8 29.b4 Kf6
30.a4 Rg3 31.Rxe4 Bd5 32.Rh4 Rxc3 33.Rh7 b6 34.Nxc6 Bxc6 35.Rc7 Rc1+ 36.Kf2 Rf8
37.b5 Ke6+ 38.Kg3 Rc3+ 39.Kh2 Rh8+ 40.Kg1 Rh1+ 41.Kxh1 Bxg2+ 42.Rxg2 Rxc7
43.Rxg6+ Kd5 44.a5 Kc5 45.axb6 axb6 46.Re6 Kxb5 47.Rxe5+ Rc5 48.Re1 Rg5  0-1